<?xml version="1.0" encoding="UTF-8"?>
<record
    xmlns:xsi="http://www.w3.org/2001/XMLSchema-instance"
    xsi:schemaLocation="http://www.loc.gov/MARC21/slim http://www.loc.gov/standards/marcxml/schema/MARC21slim.xsd"
    xmlns="http://www.loc.gov/MARC21/slim">

  <leader>01154nam a2200301 a 4500</leader>
  <controlfield tag="001">C01458355c-X</controlfield>
  <controlfield tag="003">CO-ViMGA</controlfield>
  <controlfield tag="005">20230915233144.0</controlfield>
  <controlfield tag="008">160903b        xxu||||| |||| 00| 0 eng d</controlfield>
  <datafield tag="020" ind1=" " ind2=" ">
    <subfield code="a">9789588852010</subfield>
  </datafield>
  <datafield tag="040" ind1=" " ind2=" ">
    <subfield code="a">CO-ViMGA</subfield>
    <subfield code="b">spa</subfield>
    <subfield code="c">CO-ViMGA</subfield>
  </datafield>
  <datafield tag="082" ind1="0" ind2="4">
    <subfield code="a">930.19861</subfield>
    <subfield code="b">P72a</subfield>
  </datafield>
  <datafield tag="100" ind1="1" ind2=" ">
    <subfield code="a">Preuss, Konrad Theodore, </subfield>
    <subfield code="9">5492</subfield>
  </datafield>
  <datafield tag="245" ind1="1" ind2="0">
    <subfield code="a">Arte monumental prehist&#xF3;rico : </subfield>
    <subfield code="b">excavaciones hechas en el Alto Magdalena y San Agust&#xED;n (Colombia).</subfield>
    <subfield code="c">Konrad Theodore, Preuss</subfield>
  </datafield>
  <datafield tag="250" ind1=" " ind2=" ">
    <subfield code="b">5 ed.</subfield>
  </datafield>
  <datafield tag="260" ind1=" " ind2=" ">
    <subfield code="a">Bogot&#xE1; : </subfield>
    <subfield code="b">Instituto Colombiano de Antropologia e Historia </subfield>
    <subfield code="c">2013.</subfield>
  </datafield>
  <datafield tag="300" ind1=" " ind2=" ">
    <subfield code="a">xlvii, 438 p&#xE1;ginas : </subfield>
    <subfield code="b">il, map, fot. ; 23 cm.</subfield>
  </datafield>
  <datafield tag="650" ind1="1" ind2="4">
    <subfield code="a">Arte ind&#xED;gena</subfield>
    <subfield code="z">Am&#xE9;rica del Sur.</subfield>
    <subfield code="9">5494</subfield>
  </datafield>
  <datafield tag="650" ind1="1" ind2="4">
    <subfield code="a">Arte ind&#xED;gena</subfield>
    <subfield code="z">Colombia.</subfield>
    <subfield code="9">5493</subfield>
  </datafield>
  <datafield tag="650" ind1="1" ind2="4">
    <subfield code="a">Etnolog&#xED;a</subfield>
    <subfield code="z">Colombia.</subfield>
    <subfield code="9">5495</subfield>
  </datafield>
  <datafield tag="650" ind1="1" ind2="4">
    <subfield code="a">Excavaciones arqueol&#xF3;gicas</subfield>
    <subfield code="z">San Agust&#xED;n (Huila, Colombia)</subfield>
    <subfield code="9">5496</subfield>
  </datafield>
  <datafield tag="650" ind1="1" ind2="4">
    <subfield code="a">Patrimonio arqueol&#xF3;gico</subfield>
    <subfield code="z">Colombia.</subfield>
    <subfield code="9">5497</subfield>
  </datafield>
  <datafield tag="651" ind1=" " ind2=" ">
    <subfield code="a">Colombia</subfield>
    <subfield code="x"> Antiguedades.</subfield>
    <subfield code="9">5498</subfield>
  </datafield>
  <datafield tag="700" ind1="1" ind2=" ">
    <subfield code="a">Uribe Piedrahita, C&#xE9;sar, </subfield>
    <subfield code="e">traductor.</subfield>
    <subfield code="9">5500</subfield>
  </datafield>
  <datafield tag="700" ind1="1" ind2=" ">
    <subfield code="a">Walde-Waldegg, Hermann, </subfield>
    <subfield code="e">traductor.</subfield>
    <subfield code="9">5499</subfield>
  </datafield>
  <datafield tag="942" ind1=" " ind2=" ">
    <subfield code="2">ddc</subfield>
    <subfield code="c">BK</subfield>
  </datafield>
  <datafield tag="949" ind1=" " ind2=" ">
    <subfield code="a">c         </subfield>
    <subfield code="b">c</subfield>
  </datafield>
  <datafield tag="999" ind1=" " ind2=" ">
    <subfield code="c">35990</subfield>
    <subfield code="d">35990</subfield>
  </datafield>
  <datafield tag="952" ind1=" " ind2=" ">
    <subfield code="0">0</subfield>
    <subfield code="1">0</subfield>
    <subfield code="2">ddc</subfield>
    <subfield code="4">0</subfield>
    <subfield code="7">0</subfield>
    <subfield code="8">003</subfield>
    <subfield code="a">MEVIECAR</subfield>
    <subfield code="b">MEVIECAR</subfield>
    <subfield code="d">2016-09-03</subfield>
    <subfield code="l">0</subfield>
    <subfield code="o">930.19861 P72a</subfield>
    <subfield code="p">30378</subfield>
    <subfield code="r">2019-05-07 00:00:00</subfield>
    <subfield code="t">Ej. 1</subfield>
    <subfield code="w">2016-09-03</subfield>
    <subfield code="y">BK</subfield>
  </datafield>
</record>
